Представление документа в формате MARC21

Поле Инд. ПП Название Значение
Тип записи a
Библиографический уровень m
001 Контрольный номер RU/IS/BASE/233833709
005 Дата корректировки 20230829123403.1
080 a Индекс УДК 004.77
084 a Индекс другой классификации/Индекс ББК 32.973.202
090 a Полочн. индекс ЭБ
x Авторский знак С33
097 b Оператор 02
245 10 a Заглавие Сети ЭВМ
b Продолж. заглавия электронный учебно-методический комплекс : 40.01.01
n Номер части/ раздела Ч. 2
h Физич. носитель Электронный ресурс
260 a Место издания Минск
b Издательство БГУИР
c Дата издания 2007
440 _0 a Серия Кафедра программного обеспечения информационных технологий
500 a Примечание 1 электрон. опт. диск (CD-ROM)
510 0_ a Примечание о ссылках Документы на электронных носителях
650 04 a Основная рубрика 50.33 Цифровые вычислительные машины и вычислительные комплексы (ВК)
653 0_ a Ключевые слова комплексы; вычислительные сети; электронные вычислительные машины
901 t Тип документа m